Public speaking : (Record no. 4118)
[ view plain ]
| 000 -LEADER | |
|---|---|
| fixed length control field | 01195cam a2200181 a 4500 |
| 020 ## - INTERNATIONAL STANDARD BOOK NUMBER | |
| ISBN | 9780534637279 |
| 050 00 - CALL NUMBER | |
| Classification number | PN4129.15 |
| Item number | .C66 2009 |
| 100 1# - AUTHOR | |
| Personal name | Coopman, Stephanie J. |
| 245 10 - TITLE | |
| Title | Public speaking : |
| Remainder of title | the evolving art / |
| Statement of responsibility, etc | Stephanie J. Coopman, James Lull. |
| 250 ## - EDITION | |
| Edition statement | 1st ed. |
| 260 ## - PUBLICATION INFORMATION | |
| Place of publication | Boston, MA, USA : |
| Name of publisher | Wadsworth Cengage Learning, |
| Year of publication | c2009. |
| 300 ## - DESCRIPTION | |
| Number of Pages | xx, 445, A1-5, G1-6, R1-10, I1-7 p. : |
| Other physical details | col. ill. ; |
| Dimensions | 21 x 23 cm. |
| 500 ## - NOTES | |
| General note | Includes index |
| 505 ## - FORMATTED CONTENTS NOTE | |
| Table of Content | Part I : getting started --<br/>The evolving art of public speaking --<br/>Building your confidence --<br/>Listening --<br/>Developing and researching your speech --<br/>Developing your purpose and topic --<br/>Adapting to your audience --<br/>Researching your topic --<br/>Supporting your ideas --<br/>Organizing and outlining your speech --<br/>Beginning and ending your speech --<br/>Part III : presenting yourself and your ideas --<br/>Using language effectively --<br/>Integrating presentation media --<br/>Delivering your speech --<br/>Speaking situations --<br/>Informative speaking --<br/>Persuasive speaking --<br/>Understanding argument --<br/>Special occasion, distance, and group speaking. |
| 650 #0 - SUBJECTS | |
| Topical Term | Public speaking. |
| 700 1# - OTHER AUTHORS | |
| Personal name | Lull, James. |
| 942 ## - ADDED ENTRY ELEMENTS (KOHA) | |
| Koha item type | Books |
| Withdrawn status | Lost status | Collection code | Home library | Current library | Shelving location | Date acquired | Full call number | Accession Number | Koha item type |
|---|---|---|---|---|---|---|---|---|---|
| Reference | Methodist University Library Main | Methodist University Library Main | General Stacks | 22/08/2018 | PN4129.15 .C66 2009 | 37416 | Books |